Environment and law

שמור ב:
מידע ביבליוגרפי
מחבר ראשי: David Wilkinson
פורמט: ספר
שפה:Undetermined
יצא לאור: London Routledge 2002
נושאים:
תגים: הוספת תג
אין תגיות, היה/י הראשונ/ה לתייג את הרשומה!
Thư viện lưu trữ: Trung tâm Học liệu Trường Đại học Cần Thơ
LEADER 00477nam a2200193Ia 4500
001 CTU_65376
008 210402s9999 xx 000 0 und d
020 |b 540000 
082 |a 344.046 
082 |b W686 
100 |a David Wilkinson 
245 0 |a Environment and law 
245 0 |c David Wilkinson 
260 |a London 
260 |b Routledge 
260 |c 2002 
650 |a environmental law 
904 |i Minh 
980 |a Trung tâm Học liệu Trường Đại học Cần Thơ